Hidden European Capitals - Statistics

General Stats
  • This quiz has been taken 63 times
  • The average score is 17 of 20
Answer Stats
Hint Capital % Correct
Your escapee hamster damaged many cables. Amsterdam
91%
A switchback lane can zigzag, rebending back and forth. Zagreb
91%
Ascending the mountain we rose above the timberline and the clouds. Berlin
89%
Make comparisons between several of the play's characters. Paris
89%
Maude and Annabel graded the cabbages carefully. Belgrade
87%
When you see an accident on the road, don't be a rubbernecker. Bern
87%
Netherlands
87%
Missionaries try to convert the heathens. Athens
85%
Germany
85%
A barometer measures air pressure in millimetres of mercury. Rome
85%
France
83%
Switzerland
83%
Croatia
80%
Greece
80%
In Ancient Egypt the River Nile was critical for its irrigation of the land. Riga
80%
Italy
78%
Serbia
78%
Latvia
76%
The poll states that Czechoslovakian breweries make the nicest beer. Oslo
76%
Norway
74%
No matching quizzes found
Score Distribution
Percent of People with Each Score
Percentile by Number Answered
Your Score History
You have not taken this quiz